| 000 | 00924nam a2200265Ia 4500 | ||
|---|---|---|---|
| 005 | 20250622124038.0 | ||
| 008 | 250617s9999||||xx |||||||||||||| ||ara|| | ||
| 017 |
_a2023/15468 _bمصر. دار الكتب |
||
| 020 | _a9789778128550 | ||
| 082 | 0 | 4 |
_a"723,3" _bى م |
| 100 | 0 | _aيحيى وزيرى | |
| 245 | 1 | 0 |
_aمعالم وآثار العمارة العمانية التقليدية / _cيحيى وزيرى |
| 250 | _aط1 | ||
| 260 | 3 |
_aالقاهرة : _b"المكتب العربى للمعارف،" _c2024. |
|
| 300 |
_a188ص : _bإيض ؛ _c24سم. |
||
| 650 | _aالآثار الإسلامية | ||
| 650 | _aالحضارة الإسلامية | ||
| 650 | _aالعمارة الإسلامية | ||
| 650 | _aالعمارة الإسلامية فى عمان | ||
| 650 | _aالفن الإسلامى | ||
| 650 | _aالمآذن | ||
| 650 | _aالمساجد | ||
| 942 | _cBK | ||
| 999 |
_c67704 _d67704 |
||